|
|
|
|
| LEADER |
00000cam a22000004a 4500 |
| 001 |
musev2_1179 |
| 003 |
MdBmJHUP |
| 005 |
20230905040201.0 |
| 006 |
m o d |
| 007 |
cr||||||||nn|n |
| 008 |
091007s2010 wiu o 00 0 eng d |
| 010 |
|
|
|z 2009041310
|
| 020 |
|
|
|a 9780299236236
|
| 020 |
|
|
|z 9780299236243
|
| 035 |
|
|
|a (OCoLC)644674203
|
| 040 |
|
|
|a MdBmJHUP
|c MdBmJHUP
|
| 043 |
|
|
|a n-us---
|
| 050 |
0 |
4 |
|a PS3568.E8834
|b Z46 2010
|
| 082 |
0 |
|
|a 818/.603
|2 22
|
| 100 |
1 |
|
|a Reyes, Guillermo A.
|
| 245 |
1 |
0 |
|a Madre and I :
|b A Memoir of Our Immigrant Lives /
|c Guillermo Reyes.
|
| 264 |
|
1 |
|a Madison, Wis. :
|b University of Wisconsin Press,
|c 2010.
|
| 264 |
|
3 |
|a Baltimore, Md. :
|b Project MUSE,
|c 2012
|
| 264 |
|
4 |
|c ©2010.
|
| 300 |
|
|
|a 1 online resource (288 pages):
|b ill. ;
|
| 336 |
|
|
|a text
|b txt
|2 rdacontent
|
| 337 |
|
|
|a computer
|b c
|2 rdamedia
|
| 338 |
|
|
|a online resource
|b cr
|2 rdacarrier
|
| 490 |
0 |
|
|a Writing in Latinidad : autobiographical voices of U.S. Latinos/as
|
| 506 |
0 |
|
|a Open Access
|f Unrestricted online access
|2 star
|
| 588 |
|
|
|a Description based on print version record.
|
| 600 |
1 |
0 |
|a Reyes, Guillermo A.
|
| 650 |
|
0 |
|a Immigrants
|z United States
|v Biography.
|
| 650 |
|
0 |
|a Hispanic American gays
|v Biography.
|
| 655 |
|
7 |
|a Electronic books.
|2 local
|
| 710 |
2 |
|
|a Project Muse.
|e distributor
|
| 830 |
|
0 |
|a Writing in Latinidad.
|
| 830 |
|
0 |
|a Book collections on Project MUSE.
|
| 856 |
4 |
0 |
|z Texto completo
|u https://projectmuse.uam.elogim.com/book/1179/
|
| 945 |
|
|
|a Project MUSE - 2010 Poetry, Fiction and Creative Non-Fiction
|
| 945 |
|
|
|a Project MUSE - Archive American Studies Foundation
|
| 945 |
|
|
|a Project MUSE - 2010 Complete
|